| 000 -LEADER |
| fixed length control field |
00767nam a22001697a 4500 |
| 005 - DATE AND TIME OF LATEST TRANSACTION |
| control field |
20260124093854.0 |
| 008 - FIXED-LENGTH DATA ELEMENTS--GENERAL INFORMATION |
| fixed length control field |
230713b ||||| |||| 00| 0 eng d |
| 040 ## - CATALOGING SOURCE |
| Transcribing agency |
SSBUL |
| Modifying agency |
SSBUL |
| 082 ## - DEWEY DECIMAL CLASSIFICATION NUMBER |
| Edition number |
23 |
| Classification number |
၉၀၉ ကြည် ၁၆၀၃၂ (S-SAT) |
| 100 ## - MAIN ENTRY--PERSONAL NAME |
| Personal name |
ကြည်၊ |
| Titles and words associated with a name |
ဦး။ |
| 9 (RLIN) |
27925 |
| 245 ## - TITLE STATEMENT |
| Title |
အထက်တန်းအခြေပြကမ္ဘာ့သမိုင်း ပဌမပိုင်း / |
| Statement of responsibility, etc. |
ဦးကြည်။ |
| 260 ## - PUBLICATION, DISTRIBUTION, ETC. |
| Place of publication, distribution, etc. |
ရန်ကုန်၊ |
| Name of publisher, distributor, etc. |
ဆ၊ စ၊ တ၊ က ကောပိုရေးရှင်း။ |
| 300 ## - PHYSICAL DESCRIPTION |
| Extent |
၃၉၁ စာမျက်နှာ၊ |
| Dimensions |
၁၈ စင်တီ။ |
| 500 ## - GENERAL NOTE |
| General note |
S-SAT: Dr. Prof Sai Aung Tun |
| 650 ## - SUBJECT ADDED ENTRY--TOPICAL TERM |
| Topical term or geographic name entry element |
ကမ္ဘာ့သမိုင်း။ |
| 9 (RLIN) |
12073 |
| 942 ## - ADDED ENTRY ELEMENTS (KOHA) |
| Source of classification or shelving scheme |
|
| Koha item type |
Book (Short term) |